|
|
|
|
| LEADER |
01912nam a22004935i 4500 |
| 001 |
978-1-84628-074-0 |
| 003 |
DE-He213 |
| 005 |
20151204190718.0 |
| 007 |
cr nn 008mamaa |
| 008 |
100301s2005 xxk| s |||| 0|eng d |
| 020 |
|
|
|a 9781846280740
|9 978-1-84628-074-0
|
| 024 |
7 |
|
|a 10.1007/b138333
|2 doi
|
| 040 |
|
|
|d GrThAP
|
| 050 |
|
4 |
|a QA75.5-76.95
|
| 072 |
|
7 |
|a UB
|2 bicssc
|
| 072 |
|
7 |
|a COM000000
|2 bisacsh
|
| 082 |
0 |
4 |
|a 000
|2 23
|
| 100 |
1 |
|
|a Taylor, Ian J.
|e author.
|
| 245 |
1 |
0 |
|a From P2P to Web Services and Grids
|h [electronic resource] :
|b Peers in a Client/Server World /
|c by Ian J. Taylor.
|
| 264 |
|
1 |
|a London :
|b Springer London,
|c 2005.
|
| 300 |
|
|
|a XX, 276 p. 50 illus.
|b online resource.
|
| 336 |
|
|
|a text
|b txt
|2 rdacontent
|
| 337 |
|
|
|a computer
|b c
|2 rdamedia
|
| 338 |
|
|
|a online resource
|b cr
|2 rdacarrier
|
| 347 |
|
|
|a text file
|b PDF
|2 rda
|
| 490 |
1 |
|
|a Computer Communications and Networks
|
| 505 |
0 |
|
|a Peer-2-Peer Systems -- Web Services -- Grid Computing -- Jini -- Gnutella -- Scalability -- Security -- Freenet -- Jxta -- Distributed Object Deployment Using Jini -- P2P Deployment Using Jxta -- Web Services Deployment -- OGSA.
|
| 650 |
|
0 |
|a Popular works.
|
| 650 |
|
0 |
|a Computer organization.
|
| 650 |
|
0 |
|a Computer communication systems.
|
| 650 |
|
0 |
|a Computers.
|
| 650 |
|
0 |
|a Computer science.
|
| 650 |
1 |
4 |
|a Popular Science.
|
| 650 |
2 |
4 |
|a Popular Computer Science.
|
| 650 |
2 |
4 |
|a Computer Communication Networks.
|
| 650 |
2 |
4 |
|a Information Systems and Communication Service.
|
| 650 |
2 |
4 |
|a Computer Systems Organization and Communication Networks.
|
| 710 |
2 |
|
|a SpringerLink (Online service)
|
| 773 |
0 |
|
|t Springer eBooks
|
| 776 |
0 |
8 |
|i Printed edition:
|z 9781852338695
|
| 830 |
|
0 |
|a Computer Communications and Networks
|
| 856 |
4 |
0 |
|u http://dx.doi.org/10.1007/b138333
|z Full Text via HEAL-Link
|
| 912 |
|
|
|a ZDB-2-SCS
|
| 950 |
|
|
|a Computer Science (Springer-11645)
|